000 00589nam a2200193Ia 4500
999 _c32574
_d32574
003 OSt
005 20200729110135.0
008 190216s9999||||xx |||||||||||||| ||und||
020 _a9789380853413
040 _coclc
082 _a515.9
_bMAT/C
100 _aMathews, John H
_93835
245 0 _aComplex Analysis For Mathematics and Engineering /
_cJohn H Mathews ; Russel W Howell
250 _a6th Ed.
260 _bJones and Bartlett Learning,
_aNew Delhi:
_c2011.
300 _a645p
650 _aMathematics
942 _cBK
_2ddc
_h515.9
_iMAT/C
_k515.9
_mMAT/C